Konzert, D dur für Violine mit Orchester, op. 35 /

Bibliographic Details
Main Author: Tchaikovsky, Peter Ilich, 1840-1893
Format: Musical Score Book
Published: Leipzig : Eulenburg, [between 1900 and 1999?]
Series:Eulenburgs kleine Partitur-Ausgabe ; 708.
Subjects:

MARC

Tag First Indicator Second Indicator Subfields
LEADER 00000ccm a2200000 4500
001 in00000605721
005 20151014162235.0
008 721208q19001950gw cob n ]]N/A d
028 2 0 |a E.E. 3808  |b Eulenburg 
028 3 0 |a 708  |b Eulenburg 
028 0 2 |a Pl.no. E.E. 3808.  |b Eulenburg 
035 |a (OCoLC)00511088 
035 |9 ACS1611AM 
040 |a CWR  |c CWR  |d OCL  |d SER  |d OCL  |d TXA  |d UtOrBLW 
049 |a TXAM 
090 |a M1012  |b .C4 op.35 1900z 
100 1 |a Tchaikovsky, Peter Ilich,  |d 1840-1893. 
240 1 0 |a Concertos,  |m violin, orchestra,  |n op. 35,  |r D major 
245 1 0 |a Konzert, D dur für Violine mit Orchester, op. 35 /  |c von Peter Tchaikowsky. 
264 1 |a Leipzig :  |b Eulenburg,  |c [between 1900 and 1999?] 
300 |a 1 miniature score (148 pages) ;  |c 19 cm. 
336 |a notated music  |b ntm  |2 rdacontent 
337 |a unmediated  |b n  |2 rdamedia 
338 |a volume  |b nc  |2 rdacarrier 
490 1 |a Eulenburgs kleine Partitur-Ausgabe ;  |v 708 
650 0 |a Concertos (Violin)  |v Scores. 
650 0 |a Violin with orchestra  |v Scores. 
830 0 |a Eulenburgs kleine Partitur-Ausgabe ;  |v 708. 
999 |a MARS 
999 f f |s 6e96e65a-c1c9-3691-ab5f-526904c1d3f2  |i 77ca2081-e833-3943-a7c8-f7a94b2f2b00  |t 0 
952 f f |p normal  |a Texas A&M University  |b College Station  |c Sterling C. Evans Library  |d Evans: Library Stacks  |t 0  |e M1012 .C4 op.35 1900z  |h Library of Congress classification  |i unmediated -- volume  |m A14803342343 
998 f f |a M1012 .C4 op.35 1900z  |t 0  |l Evans: Library Stacks